Statistics for Brazilian football players by picture

Click here to take the quiz!

General Stats

  • This quiz has been taken 214 times
  • The average score is 13 of 15

Answer Stats

Answer% Correct
Pelé
100%
Neymar
99%
Ronaldinho
99%
Marcelo
98%
Ronaldo
98%
Thiago Silva
98%
Kaka
96%
Dani Alves
94%
Roberto Carlos
93%
Cafu
79%
Garrincha
79%
Juninho
72%
Julio César
69%
Maicon
45%
Ramires
39%

Score Distribution

Percentile by Number Answered

Percent of People with Each Score

Your Score History

You have not taken this quiz